| 000 | 00000nam 2200000za 4500 |
| 001 | 9.805539 |
| 003 | CaOODSP |
| 005 | 20221107135656 |
| 007 | cr ||||||||||| |
| 008 | 160722s2016 qucd #ob f000 0 eng d |
| 020 | |a978-0-660-03761-5 |
| 040 | |aCaOODSP|beng |
| 043 | |an-cn--- |
| 086 | 1 |aEn4-144/71-2015E-PDF |
| 245 | 00|aCanadian environmental sustainability indicators |h[electronic resource] : |bsolid waste disposal and diversion. |
| 246 | 10|aSolid waste disposal and diversion |
| 260 | |aGatineau, QC : |bEnvironment and Climate Change Canada, |c2016. |
| 300 | |a13 p. : |bgraphs |
| 500 | |a"March 2016." |
| 500 | |aTitle from cover. |
| 500 | |aIssued also in French under title: Indicateurs canadiens de durabilité de l'environnement : élimination et réacheminement des déchets solides. |
| 504 | |aIncludes bibliographical references. |
| 520 | |a"From 2002 to 2012, the total amount of solid waste disposed and diverted in Canada grew from 30.7 to 33.5 million tonnes, with a peak of 34.3 million tonnes in 2008"--Part 1, p. 5. |
| 692 | 07|2gccst|aWaste management |
| 692 | 07|2gccst|aEnvironmental indicators |
| 692 | 07|2gccst|aEnvironmental impact |
| 710 | 1 |aCanada. |bEnvironment and Climate Change Canada. |
| 775 | 08|tIndicateurs canadiens de durabilité de l'environnement |w(CaOODSP)9.805540 |
| 794 | |tCanadian environmental sustainability indicators |w(CaOODSP)9.840010 |
| 856 | 40|qPDF|s480 KB|uhttps://publications.gc.ca/collections/collection_2016/eccc/En4-144-71-2015-eng.pdf |